Porting device drivers to the 2.6 kernel (E-BOOK) (Record no. 191368)
[ view plain ]
| 000 -LEADER | |
|---|---|
| fixed length control field | 00260 a2200121 4500 |
| 003 - CONTROL NUMBER IDENTIFIER | |
| control field | Nust |
| 005 - DATE AND TIME OF LATEST TRANSACTION | |
| control field | 20170207154014.0 |
| 040 ## - CATALOGING SOURCE | |
| Transcribing agency | Nust |
| 100 ## - MAIN ENTRY--PERSONAL NAME | |
| Personal name | Kernel |
| 245 ## - TITLE STATEMENT | |
| Title | Porting device drivers to the 2.6 kernel (E-BOOK) |
| Remainder of title | Kernel |
| 300 ## - PHYSICAL DESCRIPTION | |
| Extent | 142 p |
| 651 ## - SUBJECT ADDED ENTRY--GEOGRAPHIC NAME | |
| Geographic name | E-BOOK |
| 942 ## - ADDED ENTRY ELEMENTS (KOHA) | |
| Source of classification or shelving scheme | |
| Koha item type | Book |
| Withdrawn status | Lost status | Source of classification or shelving scheme | Damaged status | Not for loan | Collection code | Permanent Location | Current Location | Date acquired | Total Checkouts | Barcode | Date last seen | Price effective from | Koha item type |
|---|---|---|---|---|---|---|---|---|---|---|---|---|---|
| Military College of Signals (MCS) | Military College of Signals (MCS) | 12/12/2016 | MCSEB-657 | 12/08/2016 | 12/12/2016 | Book |
